Urban Health & Development: (Record no. 833)

MARC details
000 -LEADER
fixed length control field 00716nam a22002297a 4500
003 - CONTROL NUMBER IDENTIFIER
control field OSt
005 - DATE AND TIME OF LATEST TRANSACTION
control field 20151208223012.0
008 - FIXED-LENGTH DATA ELEMENTS--GENERAL INFORMATION
fixed length control field 141216b xxu||||| |||| 00| 0 eng d
020 ## - INTERNATIONAL STANDARD BOOK NUMBER
International Standard Book Number 9780333679340
020 ## - INTERNATIONAL STANDARD BOOK NUMBER
International Standard Book Number 0333679342
040 ## - CATALOGING SOURCE
Transcribing agency DNLM
082 ## - DEWEY DECIMAL CLASSIFICATION NUMBER
Classification number WA 540 B656u 2001
100 ## - MAIN ENTRY--PERSONAL NAME
Personal name Booth Beverley
9 (RLIN) 2254
245 ## - TITLE STATEMENT
Title Urban Health & Development:
Remainder of title A practical Manual for use in Developing Countries /
Statement of responsibility, etc. Beverley Booth, Kiran Martin, Ted Lankester
260 ## - PUBLICATION, DISTRIBUTION, ETC. (IMPRINT)
Place of publication, distribution, etc. China:
Name of publisher, distributor, etc. Macmillan;
Date of publication, distribution, etc. 2001
300 ## - PHYSICAL DESCRIPTION
Extent vi,378 p :
Other physical details ill;
Dimensions 28 cm.
504 ## - BIBLIOGRAPHY, ETC. NOTE
Bibliography, etc Includes bibliographical references and index
650 ## - SUBJECT ADDED ENTRY--TOPICAL TERM
Topical term or geographic name as entry element Urban Health
9 (RLIN) 2255
700 ## - ADDED ENTRY--PERSONAL NAME
Personal name Martin Kiran
9 (RLIN) 2256
700 ## - ADDED ENTRY--PERSONAL NAME
Personal name Lankester Ted
9 (RLIN) 2257
942 ## - ADDED ENTRY ELEMENTS (KOHA)
Source of classification or shelving scheme Other/Generic Classification Scheme
Koha item type Short Loan
Holdings
Withdrawn status Lost status Source of classification or shelving scheme Damaged status Not for loan Home library Current library Date acquired Source of acquisition Inventory number Total Checkouts Full call number Barcode Date last seen Price effective from Koha item type
    Other/Generic Classification Scheme     MUST Main Library MUST Main Library 16/12/2014   2006/26364   WA 540 B656u 2001 2014-3463 16/12/2014 16/12/2014 Short Loan